00476 2200157 4500001002100000005001500021035002000036245010600056100001700162300003000179700001600209260004900225082001000274084001600284020001800300INLIS00000000000007520220520084625 a0010-05220000751 aA Man Who A Kept Stars in His Eyes = Laki-laki dengan Bintang di Mata /cWina Lestari dan Aaron Randy0 aWina Lestari a80 hlm. :bilus ;c20 cm.0 aAaron Randy aJakarta :bPT. gramedia pustaka utama,c2015 a398.2 a398.2 WIN a a9786020312712